000
00329 a2200133 4500
001
154202
040
_c
Escola São Tomás de Aquino
100
_a
GARCIA, Auxiliadora Magalhães
240
1
0
_a
Os Deuses não dormem
_l
por
245
1
0
_a
Os Deuses não dormem
362
0
_a
1999
697
_a
LITERATURA BRASILEIRA
942
_c
BK
999
_c
154202
_d
154202